| 000 | 00437nam a2200133 4500 | ||
|---|---|---|---|
| 008 | 231211b |||||||| |||| 00| 0 eng d | ||
| 082 |
_a305.23 _bSOU |
||
| 110 | _a SAARC Conference on Children | ||
| 245 |
_aThe Colombo resolution on children : _bthe Report of the Second SAARC Conference on Children |
||
| 260 |
_aColombo: _bGovernment of Sri Lanka, _c1992 |
||
| 300 | _a110 p. ; 22 x 24 cm | ||
| 650 | _aCHILDREN-South Asia | ||
| 942 | _cRP | ||
| 999 |
_c4339 _d4339 |
||